| 000 | 00347nam a2200145Ia 4500 | ||
|---|---|---|---|
| 008 | 230917s9999||||xx |||||||||||||| ||und|| | ||
| 040 |
_e48845 _aMAIN |
||
| 041 | _aEnglish | ||
| 082 | _a822.33 S15K:S | ||
| 100 | _aKott, Jay | ||
| 245 | 0 | _aShakespeare our contemporary | |
| 260 |
_aLondon _bMethuen _c1975 |
||
| 300 | _axi, 307 p. | ||
| 942 | _cBK | ||
| 999 |
_c205957 _d205957 |
||